| 000 | 00447pab a2200181 454500 | ||
|---|---|---|---|
| 008 | 180718b2010 xxu||||| |||| 00| 0 eng d | ||
| 100 | _aNarasimhan, t.N. | ||
| 245 | _aA framework for India's water policy | ||
| 260 | _c2010 | ||
| 300 | _ap.20-23. | ||
| 362 | _a24 Jul | ||
| 650 | _aWater resources - India | ||
| 650 | _aWater resources | ||
| 700 | _aGaur, V.K. | ||
| 773 | _aEconomic and Political Weekly | ||
| 908 | _aN | ||
| 909 | _a87157 | ||
| 999 |
_c87157 _d87157 |
||